| 000 | 01626nam0a2200349 4500 | ||
|---|---|---|---|
| 001 | RU\NLR\BIBL_A\022637449 | ||
| 005 | 20251201155041.0 | ||
| 010 |
_a978-5-94472-304-8 _9100 |
||
| 021 |
_aRU _bКН-П-25-049333 _9КН-П-25-4770 |
||
| 035 | _a(NLR Aleph) 022637449 | ||
| 090 |
_a13472029 _c13472029 |
||
| 100 | _a20251006d2025 u y0rusy50 ca | ||
| 101 | 0 | _arus | |
| 102 | _aRU | ||
| 105 | _aa z 000zy | ||
| 181 | 0 |
_ai3 _baxxe |
|
| 182 | 0 | _an | |
| 200 | 1 |
_aМедицинская промышленность: вчера, сегодня, завтра _eистория развития отрасли, обеспечивающей техническую опору здравоохранению _fС.А. Огарков, К.П. Литвицкий, Д.В. Бриль, Ю.И. Гладкова |
|
| 203 |
_aТекст _bвизуальный _cнепосредственный |
||
| 210 |
_aМосква _cТриумф _d2025 |
||
| 215 |
_a65 с. _cил., цв. ил. _d22 |
||
| 320 | _aБиблиогр. в подстроч. примеч. | ||
| 606 | 1 |
_aМедицинская промышленность _yРоссийская Федерация _92303679 _3RU\NLR\AUTH\661379055 |
|
| 686 | 1 | _aУ30(2)69(2Р) | |
| 701 | 1 |
_aОгарков _bС. А. _gСергей Александрович |
|
| 701 | 1 |
_aЛитвицкий _bК. П. _gКирилл Петрович |
|
| 701 | 1 |
_aБриль _bД. В. _gДенис Валерьевич |
|
| 701 | 1 |
_aГладкова _bЮ. И. _gЮлия Ивановна |
|
| 942 | _cBOOK | ||
| 980 | _aNB | ||